| 000 | 00388pab a2200145 454500 | ||
|---|---|---|---|
| 008 | 180718b2002 xxu||||| |||| 00| 0 eng d | ||
| 100 | _aCarruthers, John I. | ||
| 245 | _aThe impacts of state growth management programmes: a comparative analysis | ||
| 260 | _c2002 | ||
| 300 | _ap.1959-982. | ||
| 362 | _aOct | ||
| 650 | _aUrban development | ||
| 773 | _aUrban Studies | ||
| 909 | _a54067 | ||
| 999 |
_c54067 _d54067 |
||